LIBRARY & INFORMATION CENTRE, KCAET, TAVANUR

ONLINE PUBLIC ACCESS CATALOGUE (OPAC)

Socio psyological factors influenering industrial enterprenuship in Rural Area / (Record no. 12341)

MARC details
000 -LEADER
fixed length control field 00426cam a2200145ua 4500
041 ## - LANGUAGE CODE
Language code of text/sound track or separate title eng
082 ## - DEWEY DECIMAL CLASSIFICATION NUMBER
Classification number 338.04
Item number GAI/SO
100 ## - MAIN ENTRY--AUTHOR NAME
Personal name Govaikwad, Tripthy .
245 ## - TITLE STATEMENT
Title Socio psyological factors influenering industrial enterprenuship in Rural Area /
260 ## - PUBLICATION, DISTRIBUTION, ETC. (IMPRINT)
Place of publication :
Name of publisher A ven printing works ,
Year of publication 1970.
300 ## - PHYSICAL DESCRIPTION
Number of Pages 136 ; .
942 ## - ADDED ENTRY ELEMENTS (KOHA)
Koha item type Books
Holdings
Withdrawn status Lost status Damaged status Home library Current library Date acquired Full call number Accession Number Koha item type
      KAUAET KAUAET 07/04/2012 338.04 13072 Books
free website counter